Normal view
MARC view
Entry Topical Term
001 - CONTROL NUMBER
- control field: 37789
003 - CONTROL NUMBER IDENTIFIER
- control field: OSt
005 - DATE AND TIME OF LATEST TRANSACTION
- control field: 20230420145607.0
008 - FIXED-LENGTH DATA ELEMENTS
- fixed length control field: 230420|| aca||aabn | a|a d
040 ## - CATALOGING SOURCE
- Original cataloging agency: OSt
- Transcribing agency: OSt
150 ## - HEADING--TOPICAL TERM
- Topical term or geographic name entry element: Local government, social media, Managerial perception.
670 ## - SOURCE DATA FOUND
- Source citation: Work cat.: (OSt): Frandell, Ashlee and Feene, Mary 37788, Cybersecurity threats in local government: A sociotechnical perspective
